| Tag |
First Indicator |
Second Indicator |
Subfields |
| LEADER |
00000cam a2200000 a 4500 |
| 001 |
in00002786025 |
| 006 |
m o d |
| 007 |
cr cn||||||||| |
| 008 |
120224s2013 enka ob 001 0 eng d |
| 005 |
20250816224223.7 |
| 010 |
|
|
|z 2012007432
|
| 020 |
|
|
|z 9780415781718 (hbk.)
|
| 020 |
|
|
|z 9780203106082 (e-book)
|
| 035 |
|
|
|a (CaPaEBR)ebr10611771
|
| 040 |
|
|
|a CaPaEBR
|c CaPaEBR
|d UtOrBLW
|
| 050 |
1 |
4 |
|a HD60
|b .C69186 2013eb
|
| 082 |
0 |
4 |
|a 658.4/08
|2 23
|
| 245 |
0 |
0 |
|a Corporate social responsibility :
|b a research handbook /
|c edited by Kathryn Haynes, Alan Murray and Jesse Dillard.
|
| 264 |
|
1 |
|a Abingdon, Oxon ;
|a New York, N.Y. :
|b Routledge,
|c 2013.
|
| 300 |
|
|
|a 1 online resource (xv, 359 pages) :
|b illustrations
|
| 336 |
|
|
|a text
|b txt
|2 rdacontent
|
| 337 |
|
|
|a computer
|b c
|2 rdamedia
|
| 338 |
|
|
|a online resource
|b cr
|2 rdacarrier
|
| 504 |
|
|
|a Includes bibliographical references and index.
|
| 505 |
0 |
|
|a pt. I. Defining CSR -- pt. II. Taxation and social justice -- pt. III. The environment and sustainability -- pt. IV. Human rights and CSR -- pt. V. Corporate philanthropy and CSR -- pt. VI. CSR, sustainability, governance and civil society - where next?
|
| 500 |
|
|
|a Electronic resource.
|
| 650 |
|
0 |
|a Social responsibility of business.
|
| 655 |
|
7 |
|a Electronic books.
|2 local
|
| 700 |
1 |
|
|a Haynes, Kathryn.
|
| 700 |
1 |
|
|a Murray, Alan.
|
| 700 |
1 |
|
|a Dillard, Jesse F.
|
| 710 |
2 |
|
|a ebrary, Inc.
|
| 856 |
4 |
0 |
|u https://ebookcentral.proquest.com/lib/tamucs/detail.action?docID=1041535
|y Connect to the full text of this electronic book
|t 0
|
| 980 |
|
|
|a 121106
|b 160
|c USD
|e 160
|f YBP_EBR0000046136
|g 1
|
| 999 |
f |
f |
|s 165b7b42-b477-3e08-ad87-9ea816567faa
|i 2040234c-7a4f-3d3e-a607-c08a99c53cc3
|t 0
|
| 999 |
|
|
|a MARS
|
| 952 |
f |
f |
|a Texas A&M University
|b College Station
|c Electronic Resources
|d Available Online
|t 0
|e HD60 .C69186 2013eb
|h Library of Congress classification
|
| 998 |
f |
f |
|a HD60 .C69186 2013eb
|t 0
|l Available Online
|